[Event "105th British-ch 2018"]
[Site "Hull"]
[Date "2018.07.29"]
[Round "2"]
[White "Derakhshani, Borna"]
[Black "Gormally, Daniel"]
[Result "1/2-1/2"]
[WhiteElo "2315"]
[BlackElo "2478"]
[Annotator "TA"]
[PlyCount "110"]
[EventDate "2018.07.28"]
[EventType "swiss"]
[EventCountry "GBR"]
[SourceTitle "playchess.com"]
[Source "ChessBase"]
[SourceQuality "1"]

{[%evp 12,110,-21,-18,-1,-6,0,-16,0,0,0,0,0,0,17,17,17,29,20,29,19,17,25,26,15,14,15,8,3,0,0,-1,-8,-8,-14,-22,-9,-22,-10,-23,-16,-22,-22,-22,-15,-15,-15,-70,7,7,7,0,0,0,0,0,99,0,292,0,70,70,70,70,70,70,70,67,54,37,53,50,92,92,92,92,92,92,92,83,114,114,114,114,114,114,114,114,114,114,114,114,129,129,129,129,129,129,129,129,129]} 1. d4 d5 2. Bf4 Nf6 3. Nc3 e6 4. e3 a6 5. Nf3 (5. Qf3 c5 6. O-O-O Nc6 7. Nge2 cxd4 8. Nxd4 Bb4 9. Nxc6 bxc6 10. Be5 Bd6 11. Bxd6 Qxd6 {½-½ (30) Jobava,B (2690)-Berkes,F (2662) Villorba 2018}) 5... c5 6. Bd3 {D00: 1 d4 d5: Unusual lines} c4 7. Be2 {LiveBook: 3 Games} Bb4 8. O-O {The position is equal.} Bxc3 9. bxc3 Ne4 10. Qe1 O-O 11. a4 Nc6 12. Ne5 Ne7 $146 ({Predecessor:} 12... Nxe5 13. Bxe5 {0-1 (76) Ryska,J (2204)-Semenov,V (2246) ICCF email 2009}) 13. f3 Nd6 14. e4 f6 15. Ng4 Ng6 16. Bc1 f5 17. e5 Nf7 18. Nf2 f4 19. Ba3 Re8 20. Nh3 Ng5 $1 21. Nxg5 Qxg5 22. a5 Bd7 23. Rb1 Bc6 24. Qd2 Rad8 (24... Bb5 {is more complex.} 25. g3 Qh6 26. Kh1 Rad8 27. Rf2 Rd7) 25. Rf2 Rd7 26. g3 Rf7 27. Rg2 Qd8 28. Bb4 b6 29. Bf1 (29. axb6 $11 Qxb6 30. Qc1) 29... fxg3 (29... bxa5 $15 30. Bc5 fxg3 31. hxg3 Rxf3) 30. hxg3 $11 bxa5 31. Bd6 Rxf3 32. Be2 Rf7 33. Bh5 Bb5 {[#]} (33... Rf5 $11 {keeps the balance.} 34. Bg4 Rf7) 34. Rh2 ({Better is} 34. Bxg6 $1 $16 hxg6 35. Rh2) 34... Rf5 $2 {[%mdl 8192] [#]} (34... Nh8 $1 $11) 35. Bg4 $2 (35. Bxg6 $1 $18 hxg6 36. g4) 35... Qg5 (35... Rf7 $1 $11) 36. Bxf5 $14 Qxf5 37. Rf1 Qg4 38. Qf2 h6 $1 39. Qf7+ Kh7 40. Qf3 Qxf3 41. Rxf3 Kg8 42. Rhf2 $36 {[%mdl 2048] White is better. White has strong initiative.} Rd8 43. Rf7 Rd7 44. Rxd7 Bxd7 $16 {[%mdl 4096] Endgame KRB-KBN} 45. Rf1 Ba4 46. Ra1 Bxc2 47. Rxa5 Bf5 48. Rxa6 h5 49. Ra8+ Kh7 50. Ra7 Kg8 51. Kf2 h4 52. gxh4 Nxh4 53. Be7 Ng6 54. Bg5 Kh8 55. Ke3 Kg8 {Precision: White = 71%, Black = 54%.} 1/2-1/2

[Event "105th British-ch 2018"]
[Site "Hull"]
[Date "2018.07.29"]
[Round "2"]
[White "Britton, Richard"]
[Black "McDougall, William M"]
[Result "0-1"]
[WhiteElo "2249"]
[BlackElo "2056"]
[Annotator "NA"]
[PlyCount "70"]
[EventDate "2018.07.28"]
[EventType "swiss"]
[EventCountry "GBR"]
[SourceTitle "playchess.com"]
[Source "ChessBase"]
[SourceQuality "1"]
[TimeControl "40/5400+30:1800+30"]

1. e4 {[%emt 0:00:02]} c5 {[%emt 0:00:22]} 2. Nf3 {[%emt 0:00:04]} d6 {[%emt 0:00:06]} 3. Bb5+ {[%emt 0:01:33]} Bd7 {[%emt 0:01:02]} 4. Bxd7+ {[%emt 0:00:06]} Nxd7 {[%emt 0:00:05]} 5. O-O {[%emt 0:00:09]} Ngf6 {[%emt 0:00:38]} 6. Re1 {[%emt 0:00:10]} Rc8 {[%emt 0:01:36]} 7. c3 {[%emt 0:08:24]} e6 {[%emt 0:02:28]} 8. d4 {[%emt 0:01:11]} cxd4 {[%emt 0:03:31]} 9. cxd4 {[%emt 0:00:05]} Be7 {[%emt 0:02:29]} 10. Nc3 {[%emt 0:01:12]} Nb6 {[%emt 0:02:31]} 11. a4 {[%emt 0:11:54]} O-O {[%emt 0:01:43]} 12. Qb3 {[%emt 0:08:23]} d5 {[%emt 0:20:33]} 13. e5 {[%emt 0:09:04]} Ne4 {[%emt 0:05:22]} 14. Nxe4 {[%emt 0:05:14]} dxe4 {[%emt 0:00:03]} 15. Rxe4 {[%emt 0:00:08]} Qd5 {[%emt 0:02:11]} 16. Qxd5 {[%emt 0:00:28]} Nxd5 {[%emt 0:00:06]} 17. Kf1 {[%emt 0:08:57]} Rc6 {[%emt 0:05:39]} 18. Re2 {[%emt 0:06:10]} Rfc8 {[%emt 0:02:08]} 19. Bd2 {[%emt 0:01:38]} Rc2 {[%emt 0:08:05]} 20. Rb1 {[%emt 0:11:24]} a6 {[%emt 0:06:32]} 21. g3 {[%emt 0:14:38]} h6 {[%emt 0:01:46]} 22. h4 {[%emt 0:00:15]} b5 {[%emt 0:01:55]} 23. axb5 {[%emt 0:00:25]} axb5 {[%emt 0:00:02]} 24. Ne1 {[%emt 0:01:30]} R2c4 {[%emt 0:04:16]} 25. Be3 {[%emt 0:01:13]} g5 {[%emt 0:03:00]} 26. h5 {[%emt 0:01:07]} Bd8 {[%emt 0:07:32]} 27. b3 {[%emt 0:01:25]} R4c6 {[%emt 0:02:11]} 28. Bd2 {[%emt 0:00:17]} Bb6 {[%emt 0:01:14]} 29. Re4 {[%emt 0:01:52]} f5 {[%emt 0:02:26]} 30. exf6 {[%emt 0:00:32]} Nxf6 {[%emt 0:00:01]} 31. Re5 {[%emt 0:00:31]} Bxd4 {[%emt 0:01:50]} 32. Rxb5 {[%emt 0:00:07]} Ne4 {[%emt 0:01:07]} 33. Nf3 {[%emt 0:02:12]} Bxf2 {[%emt 0:01:48]} 34. g4 {[%emt 0:03:06]} Rf8 {[%emt 0:01:54]} 35. Bb4 {[%emt 0:01:04]} Rxf3 {[%emt 0:01:23]} 0-1

[Event "105th British-ch 2018"]
[Site "Hull"]
[Date "2018.07.29"]
[Round "2"]
[White "Rudd, Jack"]
[Black "Hebden, Mark"]
[Result "0-1"]
[WhiteElo "2244"]
[BlackElo "2423"]
[Annotator "TA"]
[PlyCount "62"]
[EventDate "2018.07.28"]
[EventType "swiss"]
[EventCountry "GBR"]
[SourceTitle "playchess.com"]
[Source "ChessBase"]
[SourceQuality "1"]

{[%evp 17,62,8,8,7,4,8,3,1,6,0,0,-5,8,-17,14,11,7,-56,-56,-51,-33,-63,-42,-61,-47,-84,-73,-87,-35,-133,-69,-97,-96,-192,-97,-160,-117,-94,-88,-185,-193,-254,-264,-268,-184,-311,-314]} 1. d4 Nf6 2. Bg5 d5 3. e3 Ne4 4. Bf4 c5 5. Nd2 (5. Bd3 Nf6 6. c3 Nc6 7. Nd2 Qb6 8. Rb1 Bg4 9. Ngf3 e6 10. Qa4 Be7 11. Ne5 O-O 12. Bg5 c4 13. Bc2 Bh5 14. Bxf6 gxf6 {1-0 (52) Mchedlishvili,M (2603)-Amin,B (2689) Riadh 2017}) 5... Nxd2 6. Qxd2 {A45: Trompowsky Attack} Nc6 7. Nf3 cxd4 8. exd4 Bf5 9. c3 e6 {LiveBook: 8 Games} 10. Bb5 Qb6 11. Be2 Be7 12. O-O O-O 13. b4 $146 ({Predecessor:} 13. Ne5 Rad8 14. Rae1 Bf6 15. Nxc6 Qxc6 16. Bd3 Bxd3 17. Qxd3 {1-0 (42) Vu,T-Ashwini,U (1681) Vung Tau 2008}) 13... Rac8 14. a4 Qd8 15. Rfe1 Bd6 16. Bxd6 Qxd6 17. Bd3 (17. Nh4 $11) 17... Bxd3 $15 18. Qxd3 {Threatening Ng5.} Qf4 19. Re3 Rc7 20. g3 Qh6 21. Rae1 Rfc8 22. h4 Qg6 ({Better is} 22... Ne7 $17) 23. Qb5 (23. Qe2 $15) 23... h6 (23... Qc2 $1 $17 24. Qxd5 Ne7) 24. a5 Qc2 25. Qc5 (25. Qf1 $17) 25... a6 (25... Ne7 $19 26. Qxa7 Nf5) 26. R1e2 (26. Qb6 $142) 26... Qb1+ 27. Re1 Qf5 28. Qd6 {[#]} (28. Rc1 $17) 28... Na7 $1 $19 {[%cal Bc6a7,Ba7b5,Bb5c3][%mdl 32]} 29. Ne5 (29. Qf4 $142) 29... Nb5 30. Qb6 Nxc3 31. Rf3 {[#]} (31. Kg2 $142 Qc2 32. Rf3) 31... Qh3 $1 {Precision: White = 15%, Black = 49%.} 0-1

[Event "105th British-ch 2018"]
[Site "Hull"]
[Date "2018.07.29"]
[Round "2"]
[White "Moore, Graham J"]
[Black "Macklin, Paul"]
[Result "1/2-1/2"]
[WhiteElo "2218"]
[BlackElo "2363"]
[Annotator "NA"]
[PlyCount "61"]
[EventDate "2018.07.28"]
[EventType "swiss"]
[EventCountry "GBR"]
[SourceTitle "playchess.com"]
[Source "ChessBase"]
[SourceQuality "1"]
[TimeControl "40/5400+30:1800+30"]

1. Nf3 {[%emt 0:00:04]} g6 {[%emt 0:02:41]} 2. e4 {[%emt 0:02:27]} Bg7 {[%emt 0:00:07]} 3. d4 {[%emt 0:00:09]} d6 {[%emt 0:00:16]} 4. Bc4 {[%emt 0:00:15]} Nc6 {[%emt 0:02:24]} 5. O-O {[%emt 0:04:27]} Nf6 {[%emt 0:01:01]} 6. Qe2 {[%emt 0:02:50]} Bg4 {[%emt 0:03:22]} 7. Bb5 {[%emt 0:00:18]} O-O {[%emt 0:00:55]} 8. c3 {[%emt 0:05:44]} Nd7 {[%emt 0:05:02]} 9. Nbd2 {[%emt 0:07:45]} e5 {[%emt 0:10:55]} 10. h3 {[%emt 0:01:23]} Bxf3 {[%emt 0:04:16]} 11. Nxf3 {[%emt 0:00:08]} exd4 {[%emt 0:01:42]} 12. Bxc6 {[%emt 0:00:08]} bxc6 {[%emt 0:00:12]} 13. cxd4 {[%emt 0:02:50]} Re8 {[%emt 0:00:06]} 14. Qc2 {[%emt 0:03:45]} c5 {[%emt 0:19:05]} 15. Be3 {[%emt 0:15:27]} cxd4 {[%emt 0:29:21]} 16. Bxd4 {[%emt 0:03:33]} Bxd4 {[%emt 0:00:47]} 17. Nxd4 {[%emt 0:00:07]} Nc5 {[%emt 0:00:27]} 18. Rfe1 {[%emt 0:06:28]} Qh4 {[%emt 0:04:12]} 19. Nf3 {[%emt 0:01:35]} Qf4 {[%emt 0:00:49]} 20. e5 {[%emt 0:00:38]} Rab8 {[%emt 0:01:56]} 21. Rad1 {[%emt 0:04:14]} Ne6 {[%emt 0:00:12]} 22. b3 {[%emt 0:09:42]} dxe5 {[%emt 0:04:44]} 23. Rxe5 {[%emt 0:04:00]} Red8 {[%emt 0:00:39]} 24. Rde1 {[%emt 0:09:36]} Rd6 {[%emt 0:01:20]} 25. Ra5 {[%emt 0:03:26]} a6 {[%emt 0:06:46]} 26. Qe2 {[%emt 0:02:13]} Qb4 {[%emt 0:00:57]} 27. Ra4 {[%emt 0:00:50]} Qb5 {[%emt 0:00:20]} 28. Qe3 {[%emt 0:01:13]} Rbd8 {[%emt 0:00:35]} 29. Re4 {[%emt 0:05:26]} Qf5 {[%emt 0:00:24]} 30. Re5 {[%emt 0:02:32]} Qf6 {[%emt 0:00:44]} 31. Ng5 {[%emt 0:09:13]} 1/2-1/2

[Event "105th British-ch 2018"]
[Site "Hull"]
[Date "2018.07.29"]
[Round "2"]
[White "Kalaiyalahan, Akshaya"]
[Black "Miller, Dominic"]
[Result "1-0"]
[WhiteElo "2138"]
[BlackElo "2017"]
[Annotator "NA"]
[PlyCount "59"]
[EventDate "2018.07.28"]
[EventType "swiss"]
[EventCountry "GBR"]
[SourceTitle "playchess.com"]
[Source "ChessBase"]
[SourceQuality "1"]
[TimeControl "40/5400+30:1800+30"]

1. d4 {[%emt 0:00:02]} Nf6 {[%emt 0:00:04]} 2. c4 {[%emt 0:00:00]} g6 {[%emt 0:00:04]} 3. g3 {[%emt 0:00:00]} c6 {[%emt 0:00:05]} 4. Bg2 {[%emt 0:00:00]} d5 {[%emt 0:00:04]} 5. Nf3 {[%emt 0:00:09]} Bg7 {[%emt 0:00:05]} 6. O-O {[%emt 0:00:13]} O-O {[%emt 0:00:26]} 7. b3 {[%emt 0:00:36]} dxc4 8. bxc4 {[%emt 0:00:05]} c5 {[%emt 0:01:39]} 9. Bb2 {[%emt 0:00:18]} Qb6 {[%emt 0:00:30]} 10. Qc1 {[%emt 0:00:12]} Ne4 {[%emt 0:01:58]} 11. Nbd2 {[%emt 0:11:32]} Nxd2 12. Qxd2 {[%emt 0:00:13]} Nc6 {[%emt 0:12:34]} 13. Rab1 {[%emt 0:01:21]} Bf5 {[%emt 0:10:33]} 14. dxc5 {[%emt 0:03:32]} Qxc5 {[%emt 0:01:00]} 15. Bxg7 {[%emt 0:00:23]} Kxg7 {[%emt 0:00:12]} 16. Qc3+ {[%emt 0:04:13]} Kg8 {[%emt 0:01:52]} 17. Rb5 {[%emt 0:07:17]} Qd6 {[%emt 0:01:28]} 18. Rxb7 {[%emt 0:03:10]} Rab8 {[%emt 0:01:02]} 19. Rxb8 {[%emt 0:06:05]} Rxb8 {[%emt 0:00:10]} 20. c5 {[%emt 0:05:57]} Qc7 {[%emt 0:03:32]} 21. Nd4 {[%emt 0:08:22]} Nxd4 {[%emt 0:00:19]} 22. Qxd4 {[%emt 0:00:05]} Be6 {[%emt 0:00:52]} 23. a3 {[%emt 0:07:32]} Rb3 {[%emt 0:04:43]} 24. c6 {[%emt 0:04:28]} Rb8 {[%emt 0:00:23]} 25. Rd1 {[%emt 0:01:39]} h5 {[%emt 0:07:19]} 26. h4 {[%emt 0:04:47]} Kh7 {[%emt 0:01:25]} 27. Qf4 {[%emt 0:03:46]} Rc8 {[%emt 0:00:22]} 28. Qxc7 {[%emt 0:00:56]} Rxc7 {[%emt 0:00:02]} 29. Rb1 {[%emt 0:00:27]} Bc8 {[%emt 0:00:09]} 30. Kh2 {[%emt 0:00:45]} 1-0

[Event "105th British-ch 2018"]
[Site "Hull"]
[Date "2018.07.29"]
[Round "2"]
[White "Payne, Matthew J"]
[Black "Emms, John M"]
[Result "0-1"]
[WhiteElo "2113"]
[BlackElo "2488"]
[Annotator "TA"]
[PlyCount "58"]
[EventDate "2018.07.28"]
[EventType "swiss"]
[EventCountry "GBR"]
[SourceTitle "playchess.com"]
[Source "ChessBase"]
[SourceQuality "1"]

{[%evp 14,58,34,27,25,4,22,12,30,30,12,0,0,0,0,0,6,7,8,4,15,1,1,1,8,1,2,0,9,9,16,0,32,0,0,-11,-8,-18,-21,-94,-85,-85,-92,-202,-208,-1099,-1080]} 1. e4 c5 2. Nf3 Nc6 3. Bb5 g6 4. Bxc6 bxc6 5. O-O Bg7 6. Re1 Qc7 {B31: Sicilian: 2...Nc6 3 Bb5 g6} (6... Nh6 7. c3 O-O 8. h3 f5 9. e5 Nf7 10. d3 a5 11. Bf4 e6 12. Qd2 h6 13. h4 Re8 14. c4 d6 15. Nc3 Ra7 {1-0 (35) Anand,V (2776)-Dubov,D (2701) Moscow 2018}) 7. c3 d6 8. h3 {LiveBook: 7 Games} Nf6 {White has an edge.} 9. d4 cxd4 10. cxd4 O-O 11. Nc3 Rb8 12. Qc2 c5 $146 ({Predecessor:} 12... Rd8 13. Be3 d5 14. e5 {1-0 (50) Neumann,M (2164)-Kewe,S (1961) Nordhausen 2009}) 13. dxc5 Qxc5 14. Be3 Qc7 15. Rac1 Qb7 16. b3 Bd7 17. e5 dxe5 18. Nxe5 Bf5 19. Qe2 Ne4 20. Bd4 {[%cal Rc3e4]} Rbd8 21. Qe3 {[%cal Rc3e4]} Nxc3 22. Bxc3 {[#] Threatens to win with Nc6!} Rfe8 23. Ba5 (23. Nc6 $5 Qxc6 24. Bxg7 $14) 23... Rc8 24. Nc4 Be6 25. Qf4 Qa6 $36 {[%mdl 2048] And now ...Bxc4 would win. Black has the initiative.} 26. Bc3 (26. Qd2 $1 $11 {remains equal.}) 26... Bxc3 $17 27. Rxc3 Qxa2 28. Rxe6 (28. Qe3 $17 {might work better.}) 28... fxe6 $19 29. Ne5 $2 (29. Qe3 Qa6 30. Qe1) 29... Qa1+ {Precision: White = 24%, Black = 70%.} ({Worse is} 29... Rxc3 30. Qf7+ Kh8 31. Qxe8+ Kg7 32. Qxe7+ Kh6 33. Qf8+ Kg5 {[#]} 34. h4+ $1 {[%mdl 512]} Kh5 35. g4+ Kxh4 36. Qh6#) 0-1

[Event "105th British-ch 2018"]
[Site "Hull"]
[Date "2018.07.29"]
[Round "2"]
[White "Jarmany, John"]
[Black "Ghasi, Ameet K"]
[Result "0-1"]
[WhiteElo "2110"]
[BlackElo "2494"]
[Annotator "TA"]
[PlyCount "110"]
[EventDate "2018.07.28"]
[EventType "swiss"]
[EventCountry "GBR"]
[SourceTitle "playchess.com"]
[Source "ChessBase"]
[SourceQuality "1"]

{[%evp 22,110,34,27,30,27,45,47,58,49,59,24,25,24,8,0,0,0,0,0,0,0,0,0,0,0,0,0,0,-55,-29,-31,-31,-37,-18,-40,0,-33,-34,-72,-41,-38,-40,-36,-34,-42,-16,-45,-45,-71,-53,-248,-187,-352,-338,-503,-506,-481,-464,-462,-440,-6113,-5961,-4133,-2329,-29966,-29967,-29967,-29967,-29969,-29970,-29971,-29970,-29976,-29977,-29977,-29978,-29978,-29979,-29979,-29980,-29975,-29978,-29983,-29984,-29985,-29986,-29986,-29987,-29987,-29987]} 1. d4 Nf6 2. c4 g6 3. Nf3 Bg7 4. g3 O-O 5. Bg2 c6 6. O-O d5 7. cxd5 cxd5 8. Nc3 e6 9. Bf4 Nc6 10. Rc1 {D79: Fianchetto Grünfeld: Symmetrical Variation (6 0-0 c6 7 cxd5 cxd5)} Bd7 11. Bd6 Re8 12. Ne5 {LiveBook: 8 Games. White is slightly better.} (12. e3 Bf8 13. Bxf8 Rxf8 14. Qe2 Rc8 15. Rfd1 Qe7 16. Ne5 {½-½ (18) Bok,B (2598)-Navara,D (2739) Minsk 2017}) 12... Qb6 13. Bc5 Qa6 14. e3 $146 ({Predecessor:} 14. b4 Ne7 15. Qb3 Rac8 16. Nxd7 Nxd7 17. Bxe7 Rxc3 {1-0 (19) Brynell,S (2492)-Von Bahr,O (2319) Sweden 2010}) 14... b6 15. Bd6 Rac8 16. a4 Qb7 17. Qe2 Red8 18. Nxc6 Bxc6 19. Be5 Ne8 {White must now prevent ...f6.} 20. Bxg7 Kxg7 21. Rfd1 Nd6 22. Bf1 h5 23. h4 Qe7 24. b3 Rh8 25. f4 ({Better is} 25. Qf3 $11) 25... Rc7 26. Qd2 Rhc8 27. Bd3 Rb8 28. Qe2 Rbc8 29. Qd2 Ne8 30. Nb1 Nf6 31. Rc2 Be8 32. Rdc1 Rxc2 33. Rxc2 Rxc2 34. Bxc2 b5 35. Qc3 Qb7 {Strongly threatening ...bxa4.} 36. Kf2 $2 (36. axb5 $1 $15 Qxb5 37. Qd2) 36... bxa4 $19 37. bxa4 $2 {[#]} (37. b4) 37... Bxa4 $1 {[%mdl 512]} 38. Nd2 (38. Bd3 $142) (38. Bxa4 Ne4+) 38... Bxc2 39. Qxc2 Qb4 40. Ke2 a5 41. Qc5 (41. Qb3 $142 Qxb3 42. Nxb3) 41... Qxd2+ 42. Kxd2 Ne4+ 43. Kc2 Nxc5 {Black mates.} 44. dxc5 {[%mdl 4096] Endgame KP-KP} Kf8 45. Kb3 Ke7 46. Ka4 Kd7 47. Kxa5 Kc6 48. Kb4 f6 49. Kc3 Kxc5 50. Kd3 e5 {[%cal Be6e5,Be5e4][%mdl 32]} 51. e4 f5 52. exf5 e4+ 53. Ke3 gxf5 {[%cal Bg6f5,Bf5g4][%mdl 32]} 54. g4 d4+ 55. Ke2 fxg4 {Precision: White = 42%, Black = 72%.} 0-1

[Event "105th British-ch 2018"]
[Site "Hull"]
[Date "2018.07.29"]
[Round "2"]
[White "Krzyzanowski, Patryk"]
[Black "Kalavannan, Koby"]
[Result "1/2-1/2"]
[WhiteElo "2087"]
[BlackElo "2277"]
[Annotator "NA"]
[PlyCount "113"]
[EventDate "2018.07.28"]
[EventType "swiss"]
[EventCountry "GBR"]
[SourceTitle "playchess.com"]
[Source "ChessBase"]
[SourceQuality "1"]
[TimeControl "40/5400+30:1800+30"]

1. d4 {[%emt 0:00:03]} Nf6 {[%emt 0:00:07]} 2. c4 {[%emt 0:00:08]} g6 {[%emt 0:00:05]} 3. Nc3 {[%emt 0:00:14]} Bg7 {[%emt 0:00:06]} 4. Bf4 {[%emt 0:00:22]} d6 {[%emt 0:00:25]} 5. e3 {[%emt 0:00:32]} O-O {[%emt 0:00:21]} 6. Be2 {[%emt 0:01:03]} Nbd7 {[%emt 0:00:22]} 7. Nf3 {[%emt 0:00:18]} b6 {[%emt 0:00:28]} 8. O-O {[%emt 0:00:18]} Bb7 {[%emt 0:00:04]} 9. h3 {[%emt 0:00:39]} Ne4 {[%emt 0:00:10]} 10. Nxe4 {[%emt 0:10:03]} Bxe4 {[%emt 0:00:03]} 11. Ng5 {[%emt 0:00:23]} Bb7 {[%emt 0:01:48]} 12. Bf3 {[%emt 0:21:39]} c6 {[%emt 0:07:06]} 13. Ne4 {[%emt 0:13:55]} h6 {[%emt 0:01:07]} 14. Nc3 {[%emt 0:02:11]} e5 {[%emt 0:01:38]} 15. Bh2 {[%emt 0:00:38]} Qe7 {[%emt 0:15:06]} 16. b4 {[%emt 0:06:34]} Rfd8 {[%emt 0:14:04]} 17. b5 {[%emt 0:02:31]} Nb8 {[%emt 0:00:07]} 18. bxc6 {[%emt 0:00:56]} Nxc6 {[%emt 0:04:29]} 19. Re1 {[%emt 0:03:40]} Rac8 {[%emt 0:01:21]} 20. Nd5 {[%emt 0:33:43]} Qf8 {[%emt 0:11:00]} 21. Rc1 {[%emt 0:05:55]} Na5 {[%emt 0:04:28]} 22. Qa4 {[%emt 0:04:43]} Qe8 {[%emt 0:02:46]} 23. Qb4 {[%emt 0:00:29]} Qe6 {[%emt 0:04:12]} 24. dxe5 {[%emt 0:01:13]} Nc6 {[%emt 0:00:03]} 25. Qa3 {[%emt 0:01:22]} dxe5 {[%emt 0:00:11]} 26. Bg4 {[%emt 0:01:06]} f5 {[%emt 0:00:08]} 27. Bf3 {[%emt 0:00:03]} Bf8 {[%emt 0:01:40]} 28. Qb2 {[%emt 0:00:21]} e4 {[%emt 0:01:09]} 29. Be2 {[%emt 0:00:33]} Bg7 {[%emt 0:01:47]} 30. Qa3 {[%emt 0:02:16]} Bf8 {[%emt 0:00:01]} 31. Qb2 {[%emt 0:00:49]} Bg7 {[%emt 0:02:18]} 32. Qa3 {[%emt 0:01:09]} Kh7 {[%emt 0:00:26]} 33. Red1 {[%emt 0:00:13]} Bf8 {[%emt 0:02:26]} 34. Qb2 {[%emt 0:01:14]} Bg7 {[%emt 0:00:01]} 35. Qb5 {[%emt 0:01:07]} Ne5 {[%emt 0:02:48]} 36. Qa4 {[%emt 0:02:08]} Bxd5 {[%emt 0:01:16]} 37. cxd5 {[%emt 0:00:14]} Rxd5 {[%emt 0:00:13]} 38. Rxc8 {[%emt 0:02:55]} Rxd1+ {[%emt 0:00:11]} 39. Bxd1 {[%emt 0:00:14]} Qxc8 {[%emt 0:00:03]} 40. Qxa7 {[%emt 0:01:57]} Nd7 {[%emt 0:02:35]} 41. Bc7 {[%emt 0:01:41]} b5 {[%emt 0:13:08]} 42. Bb3 {[%emt 0:07:03]} Qe8 {[%emt 0:05:17]} 43. g3 {[%emt 0:13:41]} Ne5 {[%emt 0:03:11]} 44. Kg2 {[%emt 0:06:27]} h5 {[%emt 0:00:47]} 45. Bb6 {[%emt 0:01:29]} Nf3 {[%emt 0:04:05]} 46. Qc7 {[%emt 0:00:39]} Qe5 {[%emt 0:02:27]} 47. Qxe5 {[%emt 0:01:19]} Bxe5 {[%emt 0:00:56]} 48. Ba5 {[%emt 0:00:57]} Bd6 {[%emt 0:00:55]} 49. Bc3 {[%emt 0:00:14]} Ne5 {[%emt 0:02:47]} 50. Bxe5 {[%emt 0:01:21]} Bxe5 {[%emt 0:00:03]} 51. g4 {[%emt 0:00:50]} hxg4 {[%emt 0:00:18]} 52. hxg4 {[%emt 0:00:05]} Kh6 {[%emt 0:00:09]} 53. gxf5 {[%emt 0:00:59]} gxf5 {[%emt 0:00:02]} 54. Be6 {[%emt 0:00:21]} Kg5 {[%emt 0:00:02]} 55. a3 {[%emt 0:00:09]} Bd6 {[%emt 0:00:05]} 56. Bd7 {[%emt 0:00:07]} Bxa3 {[%emt 0:00:01]} 57. Bxb5 {[%emt 0:00:11]} 1/2-1/2

[Event "105th British-ch 2018"]
[Site "Hull"]
[Date "2018.07.29"]
[Round "2"]
[White "Ratnesan, Ranesh"]
[Black "Toma, Katarzyna"]
[Result "0-1"]
[WhiteElo "2073"]
[BlackElo "2274"]
[Annotator "NA"]
[PlyCount "116"]
[EventDate "2018.07.28"]
[EventType "swiss"]
[EventCountry "GBR"]
[SourceTitle "playchess.com"]
[Source "ChessBase"]
[SourceQuality "1"]
[TimeControl "40/5400+30:1800+30"]

1. d4 {[%emt 0:00:02]} Nf6 {[%emt 0:00:08]} 2. c4 {[%emt 0:00:25]} g6 {[%emt 0:00:19]} 3. Nf3 {[%emt 0:00:42]} Bg7 {[%emt 0:00:15]} 4. g3 {[%emt 0:00:16]} d5 {[%emt 0:02:15]} 5. cxd5 {[%emt 0:01:18]} Nxd5 {[%emt 0:00:23]} 6. Bg2 {[%emt 0:00:42]} Nb6 {[%emt 0:02:46]} 7. O-O {[%emt 0:00:39]} Nc6 {[%emt 0:01:27]} 8. e3 {[%emt 0:01:57]} O-O {[%emt 0:05:53]} 9. Nc3 {[%emt 0:00:30]} Bg4 {[%emt 0:03:51]} 10. h3 {[%emt 0:15:51]} Be6 {[%emt 0:00:44]} 11. Nd2 Qd7 {[%emt 0:08:58]} 12. Kh2 {[%emt 0:00:41]} Rfd8 {[%emt 0:03:25]} 13. b3 {[%emt 0:08:02]} Nxd4 {[%emt 0:07:50]} 14. Bb2 {[%emt 0:06:21]} Nb5 {[%emt 0:01:51]} 15. Nde4 {[%emt 0:05:04]} Nxc3 {[%emt 0:05:36]} 16. Qxd7 {[%emt 0:04:17]} Nxd7 {[%emt 0:02:53]} 17. Bxc3 {[%emt 0:00:37]} Bxc3 {[%emt 0:02:32]} 18. Nxc3 {[%emt 0:00:08]} c6 {[%emt 0:01:34]} 19. Rfd1 {[%emt 0:10:56]} Nc5 {[%emt 0:05:02]} 20. g4 {[%emt 0:02:20]} a5 {[%emt 0:01:18]} 21. Kg3 {[%emt 0:02:31]} f6 {[%emt 0:02:55]} 22. f4 {[%emt 0:06:50]} Kf7 {[%emt 0:03:28]} 23. Bf3 {[%emt 0:05:27]} Ke8 {[%emt 0:08:29]} 24. h4 {[%emt 0:10:02]} Rxd1 {[%emt 0:02:27]} 25. Rxd1 {[%emt 0:01:19]} Rd8 {[%emt 0:00:06]} 26. Rxd8+ {[%emt 0:00:48]} Kxd8 {[%emt 0:00:01]} 27. Bd1 {[%emt 0:00:46]} b5 {[%emt 0:00:20]} 28. Bc2 {[%emt 0:01:39]} b4 {[%emt 0:02:14]} 29. Nb1 {[%emt 0:03:33]} a4 {[%emt 0:04:53]} 30. Nd2 {[%emt 0:01:20]} axb3 {[%emt 0:00:37]} 31. axb3 {[%emt 0:00:13]} Nb7 {[%emt 0:00:54]} 32. g5 {[%emt 0:04:56]} Na5 {[%emt 0:01:34]} 33. Kf3 {[%emt 0:02:20]} c5 {[%emt 0:04:39]} 34. e4 {[%emt 0:01:15]} c4 {[%emt 0:03:04]} 35. bxc4 {[%emt 0:00:18]} Nxc4 {[%emt 0:00:05]} 36. Nb3 {[%emt 0:00:53]} Na3 {[%emt 0:03:32]} 37. Bd1 {[%emt 0:00:24]} Kc7 {[%emt 0:03:42]} 38. Ke3 {[%emt 0:02:12]} Kd6 {[%emt 0:01:10]} 39. Nd4 {[%emt 0:01:23]} Bc4 {[%emt 0:01:21]} 40. Nb3 {[%emt 0:01:13]} Bf7 {[%emt 0:01:53]} 41. Kf3 {[%emt 0:03:22]} f5 {[%emt 0:10:48]} 42. Ke3 {[%emt 0:04:34]} fxe4 {[%emt 0:01:44]} 43. Kxe4 {[%emt 0:00:28]} Nb5 {[%emt 0:00:08]} 44. Bc2 {[%emt 0:02:28]} Be6 {[%emt 0:03:51]} 45. Ke3 {[%emt 0:00:50]} Bg4 {[%emt 0:01:25]} 46. Nd2 {[%emt 0:01:44]} Nc3 {[%emt 0:01:55]} 47. Bb3 {[%emt 0:03:00]} Nd5+ {[%emt 0:01:09]} 48. Ke4 {[%emt 0:00:18]} Bf5+ {[%emt 0:00:23]} 49. Kf3 {[%emt 0:00:12]} Kc5 {[%emt 0:01:07]} 50. Nf1 {[%emt 0:04:08]} Kd4 {[%emt 0:03:20]} 51. Bxd5 {[%emt 0:00:51]} Kxd5 {[%emt 0:00:07]} 52. Ne3+ {[%emt 0:00:07]} Ke6 {[%emt 0:00:48]} 53. Nc4 {[%emt 0:00:15]} b3 {[%emt 0:02:41]} 54. Ke3 {[%emt 0:00:59]} Kd5 {[%emt 0:00:12]} 55. Nb2 {[%emt 0:00:10]} e6 {[%emt 0:00:06]} 56. Nd1 {[%emt 0:00:52]} Kc4 {[%emt 0:00:08]} 57. Nb2+ {[%emt 0:02:17]} Kc3 {[%emt 0:00:14]} 58. Na4+ {[%emt 0:00:10]} Kc2 {[%emt 0:00:11] Ke4 [%emt 00:00:21]} 0-1